000 00782nam a2200253Ia 4500
003 OSt
005 20220923214513.0
006 a|||||r|||| 00| 0
007 ta
008 220922b |||||||| |||| 00| 0 hin d
024 _a170,201
037 _cTextual
040 _aARTS
_cARTS
_bhin
041 _2hin
_ahin
082 _aO152,3N05,VI, J7;K7
100 _aजैनेन्द्र कुमार
245 0 _aविवर्त
_b मौलिक उपन्यास
246 _aVivarta: maulik upanyāsa
250 _aसंस्क0 3
260 _c1967
650 _aहिन्दी साहित्य
_9156264
942 _hO152,3N05,VI, J7;K7
_cTEXL
_2CC
999 _c324533
_d324533